[Event "2018_CEG Riscle A"]
[Site "Riscle"]
[Date "2018.08.06"]
[Round "1.1"]
[White "Youssoupov, Moisse"]
[Black "Terryn, Ezra"]
[Result "1-0"]
[WhiteElo "2235"]
[BlackElo "2007"]
[PlyCount "83"]
[EventDate "2018.??.??"]
[WhiteTeam "La Tour de Caylus"]

1. d4 c5 2. d5 d6 3. Nc3 g6 4. e4 Bg7 5. f4 Nf6 6. Bb5+ Bd7 7. e5 Ng8 8. Nf3
Nh6 9. Bd3 O-O 10. Qe2 e6 11. Be4 exd5 12. Nxd5 Nc6 13. O-O Bg4 14. Qf2 Bxf3
15. Bxf3 dxe5 16. c3 Re8 17. Rd1 e4 18. Be2 b6 19. g4 Qc8 20. h3 f5 21. Qh4 Qb7
22. Bc4 Kh8 23. Nf6 Rf8 24. g5 Rad8 25. Be3 Bxf6 26. gxf6 Nf7 27. Bd5 Qc7 28.
a3 Rd6 29. Qe1 Rfd8 30. c4 Rxf6 31. Qc3 Kg7 32. b4 Ne7 33. bxc5 Nxd5 34. Rxd5
bxc5 35. Rad1 Nd6 36. Rxc5 Qe7 37. Bd4 Kf7 38. Bxf6 Qxf6 39. Rc7+ Ke6 40. Qb3
Qh4 41. c5+ Kf6 42. Rxd6+ 1-0

[Event "2018_CEG Riscle A"]
[Site "Riscle"]
[Date "2018.08.06"]
[Round "1.2"]
[White "Ringuet, Noe"]
[Black "Fournier, Loic"]
[Result "1/2-1/2"]
[WhiteElo "2212"]
[BlackElo "1966"]
[PlyCount "118"]
[EventDate "2018.??.??"]
[WhiteTeam "Echiquier de Picardie Maritime"]
[BlackTeam "Echiquier Tressois"]

1. e4 e6 2. Nf3 d5 3. e5 c5 4. b4 cxb4 5. a3 d4 6. axb4 Bxb4 7. Ba3 Be7 8. Bd3
Nc6 9. O-O Nh6 10. Qe2 Nf5 11. g4 Nh4 12. Nxh4 Bxa3 13. Nxa3 Qxh4 14. Nc4 O-O
15. Kg2 f6 16. f4 Bd7 17. Be4 g6 18. exf6 Qxf6 19. g5 Qe7 20. h4 e5 21. Bd5+
Be6 22. Qe4 Rad8 23. Bxe6+ Qxe6 24. Nxe5 Nxe5 25. fxe5 Rf5 26. Rxf5 gxf5 27.
Qf4 Qc6+ 28. Kf2 Qc5 29. Kg3 Qxc2 30. Rxa7 Qd3+ 31. Kf2 Rc8 32. e6 Qb5 33. Qxd4
Re8 34. Qd7 Qb6+ 35. Kg2 Qxe6 36. Qxe6+ Rxe6 37. Rxb7 Re4 38. Kg3 Rg4+ 39. Kh3
Rd4 40. Rb5 Rd3+ 41. Kg2 Rxd2+ 42. Kf3 Rd4 43. h5 Rh4 44. h6 Kf7 45. Rb6 Rg4
46. Rf6+ Kg8 47. Rxf5 Rg1 48. Ra5 Rf1+ 49. Kg4 Rf8 50. Ra7 Kh8 51. Ra6 Kg8 52.
g6 hxg6 53. Kg5 Kh8 54. Ra7 Rg8 55. Rb7 Rc8 56. Rb5 Rg8 57. Re5 Rd8 58. Kxg6
Rb8 59. Re6 Rc8 1/2-1/2

[Event "2018_CEG Riscle A"]
[Site "Riscle"]
[Date "2018.08.06"]
[Round "1.3"]
[White "Jackson, Thomas"]
[Black "Gonzalez Santamartin, Jorge"]
[Result "1-0"]
[WhiteElo "2023"]
[BlackElo "2146"]
[PlyCount "119"]
[EventDate "2018.??.??"]
[WhiteTeam "Thomas Bourgneuf - Creteil"]

1. d4 d5 2. c4 e6 3. Nc3 Nf6 4. Bg5 Be7 5. e3 Nbd7 6. Nf3 O-O 7. Rc1 dxc4 8.
Bxc4 a6 9. e4 b5 10. Bd3 Bb7 11. e5 Ne8 12. Bxe7 Qxe7 13. Ne4 Rc8 14. Nc5 Nxc5
15. Rxc5 Bd5 16. a4 bxa4 17. O-O Rb8 18. Bc4 Bxc4 19. Rxc4 Rb4 20. Qc2 a3 21.
bxa3 Rxc4 22. Qxc4 Qxa3 23. Qc6 Qd3 24. Ra1 g5 25. Qxa6 Qxa6 26. Rxa6 g4 27.
Nd2 Ng7 28. Ne4 Nf5 29. Rc6 Rd8 30. Rxc7 Rxd4 31. Nf6+ Kg7 32. g3 Nh6 33. Kg2
Kg6 34. h3 Kf5 35. Nxg4 Nxg4 36. hxg4+ Kg6 37. f4 Rd3 38. Rc6 Kg7 39. Rd6 Rb3
40. Rd8 Rc3 41. Kf2 Rc2+ 42. Ke3 Rc3+ 43. Rd3 Rc4 44. Kf3 Rb4 45. f5 Rb5 46.
Ke4 Rb4+ 47. Rd4 Rxd4+ 48. Kxd4 Kh6 49. fxe6 fxe6 50. Kc5 Kg5 51. Kd6 Kxg4 52.
Kxe6 h5 53. Kf6 Kxg3 54. e6 h4 55. e7 h3 56. e8=Q Kf2 57. Qh5 Kg3 58. Ke6 h2
59. Qd5 Kf2 60. Qh1 1-0

[Event "2018_CEG Riscle A"]
[Site "Riscle"]
[Date "2018.08.06"]
[Round "1.4"]
[White "Koch, Alain"]
[Black "Harutyunyan, Axel"]
[Result "0-1"]
[WhiteElo "1931"]
[BlackElo "1993"]
[PlyCount "114"]
[EventDate "2018.??.??"]
[WhiteTeam "L'Echiquier du Lac Enghien"]

1. d4 Nf6 2. Nc3 d5 3. f3 Bf5 4. h4 h5 5. e3 c6 6. Bd3 e6 7. Bxf5 exf5 8. Qd3
g6 9. Bd2 Nbd7 10. O-O-O Qa5 11. Kb1 O-O-O 12. Nce2 Bb4 13. c3 Bd6 14. Nc1 Nb6
15. c4 Bb4 16. c5 Nc4 17. Bc3 Qb5 18. Bxb4 Qxb4 19. a3 Qa4 20. Nh3 Rhe8 21.
Rde1 Rd7 22. Re2 Qb5 23. Nf4 a5 24. Qc3 Rde7 25. Rhe1 Nd7 26. Nb3 Qa6 27. Nd2
Nxd2+ 28. Rxd2 b6 29. cxb6 Nxb6 30. Ka2 Nc4 31. Rde2 a4 32. g3 Na5 33. Qd3 Qb6
34. Qc3 Qb3+ 35. Qxb3 axb3+ 36. Kb1 Nc4 37. Nd3 Rxe3 38. Rxe3 Rxe3 39. Rxe3
Nxe3 40. Nc1 Kb7 41. Nxb3 Nf1 42. Kc2 Nxg3 43. Nc1 f4 44. Nd3 Nf5 45. Kc3 Nxh4
46. Ne5 Kc7 47. b4 f6 48. Nd3 g5 49. Ne1 Nf5 50. Nd3 Ne3 51. a4 h4 52. Nf2 f5
53. Kd3 g4 54. Ke2 h3 55. fxg4 fxg4 56. a5 h2 57. Nh1 g3 0-1

[Event "2018_CEG Riscle A"]
[Site "Riscle"]
[Date "2018.08.06"]
[Round "2.1"]
[White "Harutyunyan, Axel"]
[Black "Fournier, Loic"]
[Result "1/2-1/2"]
[WhiteElo "1993"]
[BlackElo "1966"]
[PlyCount "169"]
[EventDate "2018.??.??"]
[BlackTeam "Echiquier Tressois"]

1. e4 e6 2. d3 d5 3. Nd2 Nf6 4. g3 c5 5. Bg2 Nc6 6. Ngf3 dxe4 7. dxe4 e5 8. O-O
Bg4 9. c3 Be7 10. Qb3 Qc7 11. Nc4 h6 12. Ne3 Na5 13. Qc2 Be6 14. b3 O-O 15. Bb2
c4 16. b4 Nc6 17. Rad1 Rfd8 18. Bc1 g6 19. a4 Bf8 20. Rfe1 a6 21. a5 Na7 22.
Nd2 Nb5 23. Bf1 Nd6 24. Bg2 Nb5 25. Nf3 Rd3 26. Bb2 Rad8 27. Bf1 R3d7 28. Rxd7
Rxd7 29. Nd2 Nd6 30. Bc1 Qc6 31. Bg2 Nb5 32. Bf1 Nd6 33. Ng2 Bh3 34. Be2 Bg7
35. Bf3 g5 36. Ne3 Be6 37. Nf5 Nb5 38. Be2 Bf8 39. Bf1 Nd6 40. Bg2 Nb5 41. Nf3
Qc7 42. Bf1 Kh7 43. Be3 Bxf5 44. exf5 e4 45. Nd4 Nd6 46. Bg2 Re7 47. Ne2 Nxf5
48. Bc5 Nd6 49. Nd4 Re8 50. f3 Kg8 51. fxe4 Nd7 52. Bxd6 Qxd6 53. e5 Rxe5 54.
Rxe5 Qxe5 55. Bxb7 Bxb4 56. Bxa6 Qe3+ 57. Kg2 Qxc3 58. Qxc3 Bxc3 59. Nf5 Bxa5
60. Bxc4 Ne5 61. Bd5 Kh7 62. Nd6 Kg6 63. Kf2 Bb6+ 64. Kg2 Bc5 65. Ne4 Be7 66.
h3 f5 67. Nc3 Bb4 68. Ne2 Bd2 69. Bb3 Kf6 70. Bc2 Nc4 71. Bd3 Ne5 72. Bc2 Be3
73. Nc3 Bd4 74. Nb5 Bc5 75. Nc3 Nc6 76. g4 Bd4 77. Ne2 f4 78. Kf3 Bc5 79. Bb1
Ne5+ 80. Ke4 f3 81. Ng3 Bg1 82. Ba2 f2 83. Nh5+ Ke7 84. Ng3 Ng6 85. Bc4 1/2-1/2

[Event "2018_CEG Riscle A"]
[Site "Riscle"]
[Date "2018.08.06"]
[Round "2.2"]
[White "Gonzalez Santamartin, Jorge"]
[Black "Youssoupov, Moisse"]
[Result "0-1"]
[WhiteElo "2146"]
[BlackElo "2235"]
[PlyCount "175"]
[EventDate "2018.??.??"]
[BlackTeam "La Tour de Caylus"]

1. e4 d5 2. exd5 Qxd5 3. Nc3 Qa5 4. Bc4 Nf6 5. d3 Bg4 6. Nge2 e6 7. O-O Nbd7 8.
f3 Bf5 9. Ng3 Bg6 10. Qe2 c6 11. a3 O-O-O 12. Kh1 Nb6 13. Ba2 Nh5 14. Nge4 Nd5
15. b4 Qc7 16. Qf2 Kb8 17. Ne2 e5 18. Bb2 Nhf4 19. Nxf4 exf4 20. Bd4 b6 21. c4
Ne3 22. Bxe3 fxe3 23. Qxe3 f5 24. Nf2 Bd6 25. Nh3 Rhe8 26. Qf2 Be5 27. Rad1 Bd4
28. Qc2 Re3 29. Rfe1 Rde8 30. Qd2 Qd6 31. Bb1 h6 32. Ng1 Qf6 33. Rxe3 Bxe3 34.
Qc2 f4 35. Re1 Qh4 36. Qd1 Re5 37. d4 Rh5 38. Nh3 Bf7 39. Bd3 Be6 40. Bf1 Bxh3
41. gxh3 Qf2 42. Bg2 Qa2 43. Qe2 Qxa3 44. d5 cxd5 45. cxd5 Rxd5 46. Qc4 Qd3 47.
Qc6 Rd8 48. Bf1 Qd5 49. Bb5 Qd1 50. Rf1 Qd5 51. Qxd5 Rxd5 52. Bc6 Rd6 53. Be4
b5 54. Rb1 Kc7 55. h4 Rd2 56. Rc1+ Kd8 57. Rb1 Kd7 58. h5 Kd6 59. Rb3 Ke6 60.
Bc6 Kf6 61. Bxb5 Kg5 62. Rd3 Rb2 63. Rd5+ Kh4 64. Bf1 Rxb4 65. Rd7 Bd4 66. Rd5
Ra4 67. Rf5 Bf6 68. Bb5 Rb4 69. Bd7 Rd4 70. Bc8 Rc4 71. Be6 Rb4 72. Kg2 Rb2+
73. Kh1 Bg5 74. Ra5 Rb7 75. Bg4 Bd8 76. Ra1 a5 77. Rd1 Bf6 78. Rd5 a4 79. Ra5
Rb1+ 80. Kg2 Bd4 81. h3 Rg1+ 82. Kh2 Ra1 83. Be6 a3 84. Kg2 Rg1+ 85. Kh2 Re1
86. Bc4 Rc1 87. Bd3 Rd1 88. Bf1 0-1

[Event "2018_CEG Riscle A"]
[Site "Riscle"]
[Date "2018.08.06"]
[Round "2.3"]
[White "Koch, Alain"]
[Black "Jackson, Thomas"]
[Result "1/2-1/2"]
[WhiteElo "1931"]
[BlackElo "2023"]
[PlyCount "52"]
[EventDate "2018.??.??"]
[WhiteTeam "L'Echiquier du Lac Enghien"]
[BlackTeam "Thomas Bourgneuf - Creteil"]

1. d4 Nf6 2. Nc3 d5 3. f3 Bf5 4. Bg5 c5 5. e3 Nc6 6. Bb5 a6 7. Bxc6+ bxc6 8.
Nge2 h6 9. Bh4 e6 10. e4 Bh7 11. e5 g5 12. Bf2 Nd7 13. dxc5 Bxc5 14. Bxc5 Nxc5
15. O-O Rb8 16. b3 Nd7 17. Na4 Nxe5 18. Nd4 Ng6 19. c4 O-O 20. c5 e5 21. Ne2
Re8 22. Re1 Nf8 23. g3 Nd7 24. h4 Qe7 25. hxg5 Qxg5 26. f4 Qh5 {nulle au
66ème coup} 1/2-1/2

[Event "2018_CEG Riscle A"]
[Site "Riscle"]
[Date "2018.08.06"]
[Round "2.4"]
[White "Terryn, Ezra"]
[Black "Ringuet, Noe"]
[Result "1-0"]
[WhiteElo "2007"]
[BlackElo "2212"]
[PlyCount "89"]
[EventDate "2018.??.??"]
[BlackTeam "Echiquier de Picardie Maritime"]

1. e4 c5 2. d4 cxd4 3. c3 dxc3 4. Nxc3 Nc6 5. Nf3 d6 6. Bc4 e6 7. O-O a6 8. Qe2
b5 9. Bb3 Ra7 10. Be3 Rd7 11. Rac1 Bb7 12. Ng5 Nf6 13. f4 g6 14. Nxe6 fxe6 15.
Bxe6 Re7 16. f5 gxf5 17. exf5 Bg7 18. Nd5 Rxe6 19. fxe6 O-O 20. e7 Nxe7 21. Bb6
Nexd5 22. Bxd8 Rxd8 23. Qe6+ Kh8 24. Kh1 Rg8 25. Rf5 h6 26. h3 Kh7 27. Kh2 Re8
28. Qf7 Re7 29. Rxf6 Rxf7 30. Rxf7 Kg6 31. Rxb7 Bxb2 32. Re1 Be5+ 33. g3 h5 34.
h4 Kf5 35. Ra7 Kg4 36. Kg2 a5 37. Rf7 Nc3 38. Ref1 Ne2 39. R1f3 b4 40. Rf8 Nxg3
41. Rg8+ Kxh4 42. Rfxg3 Bxg3 43. Rxg3 a4 44. Rd3 b3 45. axb3 1-0

[Event "2018_CEG Riscle A"]
[Site "Riscle"]
[Date "2018.08.06"]
[Round "3.1"]
[White "Youssoupov, Moisse"]
[Black "Koch, Alain"]
[Result "1-0"]
[WhiteElo "2235"]
[BlackElo "1931"]
[PlyCount "129"]
[EventDate "2018.??.??"]
[WhiteTeam "La Tour de Caylus"]
[BlackTeam "L'Echiquier du Lac Enghien"]

1. d4 d5 2. Bf4 Nf6 3. e3 e6 4. Nd2 c5 5. c3 Nc6 6. Ngf3 Be7 7. Bd3 h6 8. Ne5
c4 9. Bc2 Bd7 10. Qf3 b5 11. a4 b4 12. Nxc6 Bxc6 13. Nxc4 bxc3 14. bxc3 Rc8 15.
Ne5 Ba8 16. Bd3 O-O 17. O-O Rxc3 18. Qe2 a5 19. Qb2 Bb4 20. Rfc1 Qc8 21. Be2
Rxc1+ 22. Rxc1 Qd8 23. h3 Qe7 24. Qb3 Bb7 25. Nc6 Bxc6 26. Rxc6 Rd8 27. Bb5 Ne8
28. Qc2 Bd6 29. Bxd6 Nxd6 30. Qc5 Qf8 31. Bd3 Nc4 32. Bxc4 Qxc5 33. Rxc5 dxc4
34. Rxc4 Rb8 35. Rc5 Ra8 36. g4 Ra7 37. f4 Kf8 38. Kg2 Ke7 39. Kf3 f6 40. f5
Kd6 41. e4 Ra6 42. Rb5 exf5 43. gxf5 Ra7 44. e5+ fxe5 45. dxe5+ Ke7 46. Kg4 Kf7
47. Kh5 Rc7 48. Rxa5 Rc3 49. Ra7+ Kg8 50. Ra8+ Kh7 51. a5 Rc5 52. Re8 Rxa5 53.
Re7 Ra3 54. f6 Rxh3+ 55. Kg4 Rh1 56. f7 Rf1 57. e6 Kg6 58. Re8 Rxf7 59. exf7
Kxf7 60. Ra8 g6 61. Ra7+ Kf6 62. Rh7 h5+ 63. Kh4 Kf5 64. Rf7+ Ke6 65. Rf1 1-0

[Event "2018_CEG Riscle A"]
[Site "Riscle"]
[Date "2018.08.06"]
[Round "3.2"]
[White "Jackson, Thomas"]
[Black "Harutyunyan, Axel"]
[Result "1-0"]
[WhiteElo "2023"]
[BlackElo "1993"]
[PlyCount "45"]
[EventDate "2018.??.??"]
[WhiteTeam "Thomas Bourgneuf - Creteil"]

1. d4 Nf6 2. c4 e5 3. dxe5 Ne4 4. a3 d6 5. Qc2 d5 6. e3 Nc6 7. Nf3 Bg4 8. Be2
Nc5 9. b4 Ne6 10. cxd5 Qxd5 11. Bb2 g6 12. Nc3 Qd7 13. Rd1 Qc8 14. Nd5 Bg7 15.
Bb5 Ned8 16. Qc5 Bd7 17. Bxc6 Nxc6 18. b5 b6 19. Qc3 Na5 20. Nxc7+ Ke7 21. Qb4+
Kd8 22. Nxa8 Qxa8 23. e6 1-0

[Event "2018_CEG Riscle A"]
[Site "Riscle"]
[Date "2018.08.06"]
[Round "3.3"]
[White "Fournier, Loic"]
[Black "Terryn, Ezra"]
[Result "0-1"]
[WhiteElo "1966"]
[BlackElo "2007"]
[PlyCount "80"]
[EventDate "2018.??.??"]
[WhiteTeam "Echiquier Tressois"]

1. d4 c5 2. d5 d6 3. c4 g6 4. e4 Bg7 5. Ne2 Nf6 6. Nbc3 O-O 7. Ng3 Na6 8. Be2
Nc7 9. O-O a6 10. a4 b6 11. Be3 Rb8 12. h3 Bd7 13. Qc2 b5 14. cxb5 axb5 15. b3
bxa4 16. bxa4 Ra8 17. Ra3 Na6 18. Na2 Qc7 19. Rb1 h5 20. Nf1 Qa7 21. Nd2 Rfb8
22. Nc4 Rxb1+ 23. Qxb1 Rb8 24. Qe1 Nxe4 25. Qa5 Qb7 26. Bd3 Nf6 27. Nc3 Nb4 28.
Be2 Nfxd5 29. Bf3 Bc6 30. Nxd5 Bxd5 31. Bd2 Bxf3 32. Rxf3 Nc6 33. Qb5 Qxb5 34.
axb5 Rxb5 35. Ra3 d5 36. Ne3 Rb2 37. Bc3 Bxc3 38. Rxc3 d4 39. Rxc5 dxe3 40.
Rxc6 Rb1+ 0-1

[Event "2018_CEG Riscle A"]
[Site "Riscle"]
[Date "2018.08.06"]
[Round "3.4"]
[White "Ringuet, Noe"]
[Black "Gonzalez Santamartin, Jorge"]
[Result "1-0"]
[WhiteElo "2212"]
[BlackElo "2146"]
[PlyCount "115"]
[EventDate "2018.??.??"]
[WhiteTeam "Echiquier de Picardie Maritime"]

1. e4 e5 2. Nf3 Nc6 3. Bc4 Bc5 4. O-O Nf6 5. d3 d6 6. c3 a6 7. Bb3 Ba7 8. Re1
O-O 9. h3 Ne7 10. Nbd2 Ng6 11. Nf1 Nh5 12. d4 Nhf4 13. Be3 Qf6 14. N1h2 h5 15.
Qd2 Be6 16. dxe5 dxe5 17. Bxa7 Rxa7 18. Rad1 Raa8 19. Bxe6 Nxe6 20. g3 Rfd8 21.
Qe2 Ne7 22. Nf1 g6 23. Ne3 Nc5 24. Nc4 Nc6 25. Kg2 a5 26. Rd5 Rxd5 27. exd5 e4
28. dxc6 exf3+ 29. Qxf3 Qxc6 30. Qxc6 bxc6 31. Re5 Nb7 32. a4 Kf8 33. f4 Rc8
34. b3 c5 35. Kf3 Rd8 36. f5 Rd3+ 37. Re3 Rxe3+ 38. Kxe3 Ke7 39. fxg6 fxg6 40.
Kf4 Kf6 41. h4 c6 42. Ne5 Nd8 43. Nd7+ Ke6 44. Nxc5+ Kd5 45. b4 Kc4 46. Kg5
axb4 47. cxb4 Kxb4 48. Nd7 Ne6+ 49. Kxg6 Nf8+ 50. Nxf8 c5 51. Ne6 c4 52. Nd4
Kc3 53. Nb5+ Kb4 54. Kxh5 Kxa4 55. Nc3+ Kb3 56. Nd5 Kc2 57. Kg5 Kd3 58. Kf6 1-0

[Event "2018_CEG Riscle A"]
[Site "Riscle"]
[Date "2018.08.06"]
[Round "4.1"]
[White "Jackson, Thomas"]
[Black "Youssoupov, Moisse"]
[Result "0-1"]
[WhiteElo "2023"]
[BlackElo "2235"]
[PlyCount "52"]
[EventDate "2018.??.??"]
[WhiteTeam "Thomas Bourgneuf - Creteil"]
[BlackTeam "La Tour de Caylus"]

1. d4 g6 2. c4 Bg7 3. Nc3 c5 4. d5 d6 5. e4 e6 6. Bd3 a6 7. a4 Ne7 8. Nge2 exd5
9. cxd5 Nd7 10. O-O O-O 11. f4 f5 12. Ng3 Nf6 13. Qc2 fxe4 14. Ngxe4 Nxe4 15.
Nxe4 Nf5 16. Ng5 Nd4 17. Qf2 Nb3 18. Qh4 h6 19. Bxg6 Qf6 20. Bh7+ Kh8 21. Be3
Nxa1 22. Rxa1 Bd7 23. Re1 Rae8 24. Bb1 Rxe3 25. Rxe3 Qd4 26. Qg3 hxg5 0-1

[Event "2018_CEG Riscle A"]
[Site "Riscle"]
[Date "2018.08.06"]
[Round "4.2"]
[White "Harutyunyan, Axel"]
[Black "Terryn, Ezra"]
[Result "0-1"]
[WhiteElo "1993"]
[BlackElo "2007"]
[PlyCount "70"]
[EventDate "2018.??.??"]

1. e4 c5 2. Nc3 e6 3. g3 Nc6 4. Bg2 Nf6 5. d3 Be7 6. Nge2 O-O 7. O-O d6 8. h3
Rb8 9. Be3 b5 10. Qd2 Qc7 11. f4 c4 12. g4 cxd3 13. cxd3 b4 14. Nd1 Ba6 15. Rc1
Rfc8 16. Ng3 Ne8 17. f5 Qa5 18. fxe6 fxe6 19. Rxc6 Rxc6 20. Qf2 Nf6 21. e5 Rcc8
22. exf6 Bxf6 23. Bxa7 Bxd3 24. Re1 Rc2 25. Qe3 Re8 26. Nf2 Bg6 27. Nfe4 d5 28.
Nxf6+ gxf6 29. Nh5 Bxh5 30. gxh5 Qxa2 31. h6 Kh8 32. Bd4 e5 33. Qf3 Qa6 34.
Bxe5 fxe5 35. Rxe5 Rg8 0-1

[Event "2018_CEG Riscle A"]
[Site "Riscle"]
[Date "2018.08.06"]
[Round "4.3"]
[White "Koch, Alain"]
[Black "Ringuet, Noe"]
[Result "0-1"]
[WhiteElo "1931"]
[BlackElo "2212"]
[PlyCount "92"]
[EventDate "2018.??.??"]
[WhiteTeam "L'Echiquier du Lac Enghien"]
[BlackTeam "Echiquier de Picardie Maritime"]

1. d4 f5 2. f3 e6 3. Be3 b6 4. Nc3 Bb4 5. Qd2 Nf6 6. a3 Bxc3 7. Qxc3 Nd5 8. Qd2
Nxe3 9. Qxe3 O-O 10. f4 Bb7 11. Nf3 Nc6 12. O-O-O Na5 13. Qc3 Rc8 14. b4 Nc6
15. e3 Ne7 16. Qb3 c5 17. dxc5 Bxf3 18. gxf3 bxc5 19. b5 Qc7 20. c4 a6 21. a4
axb5 22. axb5 Ra8 23. Kb2 e5 24. fxe5 Qxe5+ 25. Kc2 Ra7 26. f4 Qe4+ 27. Bd3
Qg2+ 28. Kc3 Rfa8 29. Rhg1 Qf2 30. Rge1 Ra3 31. Re2 Rxb3+ 32. Kxb3 Qf3 33. Rdd2
g6 34. h4 h5 35. Kb2 Qf1 36. Kb3 Qh3 37. Bc2 Ra7 38. Bd3 Kf7 39. Rb2 Nc8 40.
Ra2 Rxa2 41. Kxa2 Qxh4 42. Kb2 Nb6 43. Kc3 Qf6+ 44. Kd2 h4 45. e4 Qd4 46. Kc2
Na4 0-1

[Event "2018_CEG Riscle A"]
[Site "Riscle"]
[Date "2018.08.06"]
[Round "4.4"]
[White "Gonzalez Santamartin, Jorge"]
[Black "Fournier, Loic"]
[Result "1-0"]
[WhiteElo "2146"]
[BlackElo "1966"]
[PlyCount "55"]
[EventDate "2018.??.??"]
[BlackTeam "Echiquier Tressois"]

1. c4 e5 2. g3 Nc6 3. Bg2 f5 4. Nc3 Nf6 5. e3 d5 6. cxd5 Nb4 7. d3 Nfxd5 8.
Nxd5 Nxd5 9. Nf3 Bb4+ 10. Bd2 Bxd2+ 11. Qxd2 Qd6 12. O-O O-O 13. e4 Nf6 14.
Rfe1 Rd8 15. Qa5 fxe4 16. dxe4 Re8 17. Rac1 b6 18. Qc3 c5 19. Rcd1 Qe7 20. Qxe5
Bg4 21. Qf4 Rad8 22. e5 Rxd1 23. Rxd1 Bxf3 24. exf6 Qe1+ 25. Rxe1 Rxe1+ 26. Bf1
Bc6 27. Qc4+ Kf8 28. fxg7+ 1-0

[Event "2018_CEG Riscle A"]
[Site "Riscle"]
[Date "2018.08.06"]
[Round "5.1"]
[White "Youssoupov, Moisse"]
[Black "Harutyunyan, Axel"]
[Result "1-0"]
[WhiteElo "2235"]
[BlackElo "1993"]
[PlyCount "95"]
[EventDate "2018.??.??"]
[WhiteTeam "La Tour de Caylus"]

1. d4 Nf6 2. Bf4 e6 3. e3 d5 4. Nd2 c5 5. c3 Nc6 6. Ngf3 cxd4 7. exd4 Nh5 8.
Bg5 f6 9. Be3 Bd6 10. g3 g6 11. Bd3 Ng7 12. O-O e5 13. Bh6 Nf5 14. Bxf5 Bxf5
15. dxe5 fxe5 16. Qb3 Qc7 17. Qxd5 O-O-O 18. Qc4 Qb6 19. b4 Kb8 20. Be3 Qc7 21.
Ng5 Qd7 22. Nde4 Bc7 23. Nc5 Qd5 24. Qb5 Bb6 25. c4 Nd4 26. cxd5 Nxb5 27. Nf7
Rhf8 28. Nxd8 Rxd8 29. Rac1 Rxd5 30. Nb3 Nd4 31. Nxd4 exd4 32. Bf4+ Ka8 33. Kg2
h5 34. f3 a5 35. a3 Ka7 36. h3 a4 37. Rfe1 d3 38. Re5 Rxe5 39. Bxe5 d2 40. Rd1
Be3 41. Bf4 Bxf4 42. gxf4 Ka6 43. Rxd2 Kb5 44. Rd4 Kc6 45. Kg3 Kb5 46. Kh4 Kc6
47. Kg5 Bb1 48. b5+ 1-0

[Event "2018_CEG Riscle A"]
[Site "Riscle"]
[Date "2018.08.06"]
[Round "5.2"]
[White "Terryn, Ezra"]
[Black "Gonzalez Santamartin, Jorge"]
[Result "1-0"]
[WhiteElo "2007"]
[BlackElo "2146"]
[PlyCount "159"]
[EventDate "2018.??.??"]

1. e4 e5 2. Nf3 Nc6 3. Bc4 Bc5 4. c3 Nf6 5. d3 d6 6. Nbd2 a6 7. O-O Na5 8. Bb3
Nxb3 9. axb3 O-O 10. h3 Re8 11. Re1 Nh5 12. Nf1 Qf6 13. Qe2 Nf4 14. Bxf4 Qxf4
15. Ne3 c6 16. Nc4 Qf6 17. Nh2 Qg6 18. Kh1 f5 19. b4 Ba7 20. Na5 Rf8 21. f3 Qf7
22. d4 exd4 23. cxd4 Bxd4 24. Rad1 Be5 25. Nc4 Bg3 26. Nxd6 Bxd6 27. Rxd6 fxe4
28. fxe4 Be6 29. Red1 Rae8 30. Nf3 h6 31. Ne5 Qf6 32. Qh5 Bf7 33. Nxf7 Qxf7 34.
Qg4 Re7 35. Rxh6 Qf4 36. Rg6 Qxg4 37. Rxg4 Rf2 38. Kh2 Rxb2 39. Rd4 Rb3 40. h4
Re3 41. g3 Kh7 42. Kh3 Re1 43. Rf4 b6 44. h5 Re5 45. Kg4 c5 46. bxc5 bxc5 47.
Ra4 a5 48. Rxa5 R1xe4 49. Rxe4 Rxe4+ 50. Kf5 Rc4 51. Ra7 Rd4 52. g4 Rd5+ 53.
Kf4 Rd4+ 54. Kg5 Rd5+ 55. Kh4 Kh6 56. Rc7 Re5 57. Kg3 Rd5 58. Rc6+ Kh7 59. Kh4
Re5 60. g5 Re4+ 61. Kg3 Re5 62. Kg4 Re4+ 63. Kf5 Rh4 64. Rxc5 Rxh5 65. Rc8 g6+
66. Kf6 Rh1 67. Rc7+ Kg8 68. Kxg6 Kf8 69. Rc8+ Ke7 70. Kg7 Rf1 71. g6 Rf2 72.
Rc3 Rf1 73. Re3+ Kd7 74. Rh3 Ke7 75. Kh7 Rg1 76. g7 Kf7 77. Rf3+ Ke7 78. g8=Q
Rh1+ 79. Kg7 Rg1+ 80. Kh8 1-0

[Event "2018_CEG Riscle A"]
[Site "Riscle"]
[Date "2018.08.06"]
[Round "5.3"]
[White "Ringuet, Noe"]
[Black "Jackson, Thomas"]
[Result "0-1"]
[WhiteElo "2212"]
[BlackElo "2023"]
[PlyCount "74"]
[EventDate "2018.??.??"]
[WhiteTeam "Echiquier de Picardie Maritime"]
[BlackTeam "Thomas Bourgneuf - Creteil"]

1. d4 Nf6 2. Bg5 e6 3. e4 h6 4. Bxf6 Qxf6 5. c3 b6 6. Nd2 Bb7 7. Bd3 d6 8. Ne2
c5 9. Bb5+ Nd7 10. Bxd7+ Kxd7 11. e5 Qg5 12. exd6 cxd4 13. Qa4+ b5 14. Qxd4
Bxd6 15. O-O-O Ke7 16. f4 Qc5 17. Qd3 Bc7 18. Nb3 Qd5 19. Qe3 Bb6 20. Ned4 Rhd8
21. f5 e5 22. Rhe1 f6 23. Qe2 Qxg2 24. Qxb5 Qd5 25. Qb4+ Kf7 26. Nc2 Qf3 27.
Nc5 Bd5 28. Rf1 Qe2 29. Nd3 Rac8 30. Rfe1 Qxh2 31. Kb1 Qh5 32. Nd4 exd4 33.
Qe7+ Kg8 34. Rg1 Qf7 35. Qe2 dxc3 36. bxc3 Bxg1 37. Rxg1 Bc4 0-1

[Event "2018_CEG Riscle A"]
[Site "Riscle"]
[Date "2018.08.06"]
[Round "5.4"]
[White "Fournier, Loic"]
[Black "Koch, Alain"]
[Result "1/2-1/2"]
[WhiteElo "1966"]
[BlackElo "1931"]
[PlyCount "135"]
[EventDate "2018.??.??"]
[WhiteTeam "Echiquier Tressois"]
[BlackTeam "L'Echiquier du Lac Enghien"]

1. Nf3 Nc6 2. d4 d5 3. Bf4 Nf6 4. h3 Bf5 5. c3 h6 6. Nbd2 e6 7. e3 Bd6 8. Ne5
Bxe5 9. dxe5 Ng8 10. Nf3 a6 11. Qb3 Rb8 12. Rd1 Qc8 13. Bd3 Nge7 14. Bxf5 Nxf5
15. g4 Nfe7 16. c4 Na5 17. Qa4+ Nac6 18. cxd5 Nxd5 19. Bg3 O-O 20. h4 f5 21.
exf6 Rxf6 22. Qe4 Rf8 23. Ke2 Qe8 24. Ng5 hxg5 25. hxg5 Nf6 26. gxf6 Rxf6 27.
Qh7+ Kf7 28. Qh5+ Rg6 29. Rh3 Ne7 30. Bxc7 Rc8 31. Rf3+ Kg8 32. Rh1 Qb5+ 33.
Qxb5 axb5 34. Bd6 Nd5 35. Rfh3 Kf7 36. Rh8 Rxh8 37. Rxh8 Rxg4 38. Kf3 Ra4 39.
a3 b6 40. e4 Nf6 41. b3 Rd4 42. Rf8+ Kg6 43. Bb4 Rd3+ 44. Ke2 Rxb3 45. f3 Rb2+
46. Ke3 Rb3+ 47. Ke2 Rb2+ 48. Kd3 Rb3+ 49. Ke2 Rb2+ 50. Ke1 Rb3 51. Bd6 Rxf3
52. e5 Re3+ 53. Kd2 Nd5 54. Re8 Kf5 55. Rf8+ Ke4 56. Re8 Nf4 57. Rb8 Rd3+ 58.
Kc2 Nd5 59. Re8 Rc3+ 60. Kb2 Kf5 61. Rf8+ Ke4 62. Re8 Kf5 63. Rf8+ Ke4 64. Re8
Kd3 65. Rxe6 Rc2+ 66. Kb3 Rc3+ 67. Kb2 Rc2+ 68. Kb3 1/2-1/2

[Event "2018_CEG Riscle A"]
[Site "Riscle"]
[Date "2018.08.06"]
[Round "6.1"]
[White "Youssoupov, Moisse"]
[Black "Ringuet, Noe"]
[Result "1-0"]
[WhiteElo "2235"]
[BlackElo "2212"]
[PlyCount "67"]
[EventDate "2018.??.??"]
[WhiteTeam "La Tour de Caylus"]
[BlackTeam "Echiquier de Picardie Maritime"]

1. d4 Nf6 2. Bf4 g6 3. e3 Bg7 4. Nf3 O-O 5. Be2 d6 6. O-O b6 7. c4 Bb7 8. Nc3
Nh5 9. Bg5 h6 10. Bh4 Nd7 11. Qc2 g5 12. Bxg5 hxg5 13. Nxg5 Nhf6 14. f4 Re8 15.
Bh5 Rf8 16. Rad1 e6 17. d5 Qe7 18. Rf3 a5 19. Rh3 exd5 20. cxd5 Nc5 21. Be2 Bc8
22. Rg3 Bd7 23. e4 Rad8 24. Bd3 Nh5 25. e5 dxe5 26. Bh7+ Kh8 27. Bf5 Nxg3 28.
Bxd7 e4 29. hxg3 Qxd7 30. Qe2 Bh6 31. Qh5 Kg7 32. f5 Bxg5 33. Qxg5+ Kh8 34. f6
1-0

[Event "2018_CEG Riscle A"]
[Site "Riscle"]
[Date "2018.08.06"]
[Round "6.3"]
[White "Jackson, Thomas"]
[Black "Fournier, Loic"]
[Result "1-0"]
[WhiteElo "2023"]
[BlackElo "1966"]
[PlyCount "129"]
[EventDate "2018.??.??"]
[WhiteTeam "Thomas Bourgneuf - Creteil"]
[BlackTeam "Echiquier Tressois"]

1. d4 e6 2. c4 c5 3. d5 exd5 4. cxd5 d6 5. Nc3 Nf6 6. e4 g6 7. Bd3 Bg7 8. Nge2
O-O 9. O-O Na6 10. Ng3 Nc7 11. h3 b6 12. f4 a6 13. a4 Rb8 14. Qf3 b5 15. axb5
axb5 16. Be3 Nd7 17. e5 dxe5 18. f5 b4 19. Na4 Ba6 20. Bxa6 Nxa6 21. Ne4 Nc7
22. f6 Bh8 23. Rad1 Nb5 24. Naxc5 Nd4 25. Bxd4 exd4 26. Nxd7 Qxd7 27. Rxd4 h6
28. Kh1 Rb5 29. Qf4 Qf5 30. Qxf5 gxf5 31. Rxf5 Kh7 32. g4 Kg6 33. h4 Rb6 34.
h5+ Kh7 35. d6 Re8 36. d7 Rd8 37. Rc5 Rb7 38. Rcd5 Rc7 39. Kg2 Rc2+ 40. Rd2 b3
41. Kf3 Rc6 42. Rd6 Rc4 43. R2d3 Rc7 44. Ke3 Rb7 45. Nd2 Rb5 46. Rxb3 Re5+ 47.
Ne4 Bxf6 48. Rxf6 Rxd7 49. Rf5 Re6 50. Rd3 Rde7 51. Rd4 Rb6 52. b4 Reb7 53. Nd6
Rxd6 54. Rxd6 Rxb4 55. Rxf7+ Kg8 56. Rc7 Rb8 57. Rg6+ Kf8 58. Rxh6 Kg8 59. Rd6
Kh8 60. g5 Kg8 61. h6 Kh8 62. g6 Re8+ 63. Kf4 Kg8 64. Rdc6 Rf8+ 65. Kg5 1-0